Sovereign debt and structural reforms (Record no. 513402)

000 -LEADER
fixed length control field 00442nam a2200145 4500
008 - FIXED-LENGTH DATA ELEMENTS--GENERAL INFORMATION
fixed length control field 200219b ||||| |||| 00| 0 eng d
100 ## - MAIN ENTRY--PERSONAL NAME
Personal name Muller, Andreas
245 ## - TITLE STATEMENT
Title Sovereign debt and structural reforms
260 ## - PUBLICATION, DISTRIBUTION, ETC. (IMPRINT)
Name of publisher, distributor, etc American Economic Review
300 ## - PHYSICAL DESCRIPTION
Extent 109(12), Dec, 2019: p.4220-4259.
700 ## - ADDED ENTRY--PERSONAL NAME
Personal name Storesletten, Kjetil
9 (RLIN) 16235
700 ## - ADDED ENTRY--PERSONAL NAME
Personal name Zilibotti, Fabrizio
9 (RLIN) 16236
906 ## - LOCAL DATA ELEMENT F, LDF (RLIN)
Subject DIP Structural adjustment
942 ## - ADDED ENTRY ELEMENTS (KOHA)
Source of classification or shelving scheme
Item type Articles

No items available.

Powered by Koha